Movies Quiz

Random Movies or Clickable Quiz

10 to 1 Movie Countdown Quiz Stats

 Plays Quiz Updated Jan 27, 2018

Score 0/55 Timer 05:00
11 Plays Today
% Correct
A Bug's Life
96.3%
Toy Story
95.4%
Toy Story 2
94.4%
Finding Nemo
92.8%
Monsters, Inc.
92.8%
WALL-E
92.1%
Cars
90.6%
Sleepy
90.5%
Dopey
90.4%
Sneezy
90.1%
Grumpy
90%
Ratatouille
89.9%
Happy
89.5%
Jack Nicholson
89.2%
Up
88.7%
Return of the Jedi
88.3%
The Incredibles
88%
Doc
87.4%
The Scarecrow
87%
The Tin Man
86.9%
Bashful
86.7%
Dive
86.6%
Dustin Hoffman
86.3%
Revenge of the Sith
85.9%
Dorothy Gale
85.6%
The Cowardly Lion
85.4%
The Empire Strikes Back
85%
Attack of the Clones
85%
% Correct
Daniel Day-Lewis
84.6%
Marlon Brando
84.4%
Dodge
83.1%
Tom Hanks
81.9%
Dip
80.5%
Duck
79.7%
Steve Buscemi
79.3%
Harvey Keitel
79.3%
Michael Madsen
78.4%
The Phantom Menace
76.3%
Chris Penn
75.4%
Quentin Tarantino
73.8%
Dodge
72.8%
Tim Roth
72.7%
A New Hope
71.8%
Meryl Streep
71.6%
Sean Penn
67.7%
Lawrence Tierney
66.8%
Avatar
66.4%
Gary Cooper
65.3%
Titanic
64.4%
The Lord of the Rings: The Return of the King
64.3%
Eddie Bunker
63.7%
Katharine Hepburn
63.3%
Spencer Tracy
60.8%
Ben-Hur
51.6%
Fredric March
37.7%

You're not logged in!

Compare scores with friends on all Sporcle quizzes.
OR
Log In

Show Comments

Extras

Top Quizzes Today


Score Distribution

Your Account Isn't Verified!

In order to create a playlist on Sporcle, you need to verify the email address you used during registration. Go to your Sporcle Settings to finish the process.

Report this User

Report this user for behavior that violates our Community Guidelines.

Details: